00937cam a22002177a 4500001001000000003000900010005001700019008004100036040002500077082001900102100003200121245011600153260013300269300002500402500003400427504005700461651004500518942001400563952012900577999001300706000000998DO-SdBNP20251030121031.0771005s1964 ve b 001 1 spa  aDO-SdBNPbspacBNPHU 4a320.987bL769t1 aLiscano, Juan,d1915-9347810aTiempo desandado :bpolémicas, política y cultura /cJuan Liscano ; introducción, José Francisco Sucre. aCaracas :bEdiciones del Ministerio de Educación, Dirección de Cultura y Bellas Artes, Departamento de Publicaciones,c1964. av., 413 p. ;c22 cm. aLa biblioteca posee el tomo I a"Antecedentes bibliográficos": v. 1, p. [391]-396. 0aVenezuela zPolítica y gobierno926230 2ddccLBS1 001052758DSaBNPHUbBNPHUcCTd2009-09-19iLF1l0o320.987 L769tp998-10r2020-06-25w2020-06-25yLF1ZPréstamo interno c978d978